000 00587cam a22002291 4500
001 sa 64002810
003 DLC
005 20260227112012.0
008 850617s1963 ii 000 1 benx
010 _asa 64002810
025 _aPL480:I-B-1141
035 _a(OCoLC)13890504
040 _aDLC
_cNN
_dDLC
042 _apremarc
050 0 0 _aPK1718.M5
_bS8
100 1 _aMitra, Premendra.
245 1 0 _aStabdha prahara.
_c[Lekhaka] Premendra Mitra.
260 _aKalikātā,
_bGrantha Prakāśa
_c[1963]
300 _a181 p.
_c22 cm.
500 _aIn Bengali.
500 _aA novel.
999 _c57517
_d57517